000 00298nam a22001457a 4500
003 SGT
082 _a370
_bM10S
100 _aSINGH, PRAMOD
245 _aMANAGEMENT OF SPORTS
250 _a1ST
260 _aNEW DELHI
_bJ.B.T. PUB
_c2010
300 _a252
650 _aEDUCATION
942 _2ddc
_cBK
999 _c12143
_d12143